000 02069nam a2200301 a 4500
001 78017
003 BD-RjUL
005 20211209083058.0
008 210304s2006 bg a|||| m||| 00| 0 ben d
035 _a(BD-RjUL)78243
040 _aBD-RjUL
_bben /eng
_cBD-RjUL
_dBD-RjUL
041 _aben
082 _a297.61
_bUBN 2006
_223
100 _aউবায়দুল্লাহ, মুহা.
_9245538
245 1 0 _aনওয়াব সিদ্দীক হাসান খান ভূপালী (রহঃ) :
_bহাদীছ শাস্ত্রে তাঁর অবদান /
_cমুহা. উবায়দুল্লাহ ;
_6গবেষণা তত্ত্বাবধায়ক : মু. আবদুল হক
260 _aরাজশাহী :
_bআরবী বিভাগ, রাজশাহী বিশ্ববিদ্যালয়,
_c২০০৬
300 _axviii, ৪০১ পাতা :
_bচিএ ;
_c২৯ সেমি.
502 _aথিসিস ( পিএইচ. ডি,) -- আরবী বিভাগ, রাজশাহী বিশ্ববিদ্যালয়, ২০০৬
504 _aগ্রন্থপঞ্জী : পাতা ৩৬৪-৩৮০
600 _aখান, সিদ্দীক হাসান,
_c--ভূপালের নওয়াব,
_d--১৮৩২-১৮৯০ খ্রিষ্টাব্দ
_xসমালোচনা ও ব্যাখা
_9245632
600 _aKhan, Siddiq Hasan,
_c--Nawab of Bhopal,
_d1832 - 1890 A. D.
_xCriticism and Interpretation
_9245633
650 _aহাদিস
_xসমালোচনা, ব্যাখ্যা ইত্যাদি
_9245582
650 _aHadith
_xCriticism, interpretation, etc.
_9245583
650 _aমুসলিম পণ্ডিত -
_zভারত
_zভূপাল
_xজীবনী
_9245588
650 _aMuslim scholars
_zIndia
_zBhopal
_xBiography.
_9245589
700 _aহক, মু. আবদুল, গবেষণা তত্ত্বাবধায়ক
_9245541
942 _2ddc
_cTHE
999 _c78017
_d78017